000 00765nam a2200253Ia 4500
003 OSt
005 20220928124627.0
006 a|||||r|||| 00| 0
007 ta
008 220927b |||||||| |||| 00| 0 eng d
020 _cINR 499.00
024 _a138093
037 _b0327, 03/03/2018, Bookwell Publications
_cTextual
040 _aSDCL
_cSDCL
_beng
041 _2eng
_aeng
082 _aX:8, Q7 LR
100 _aKoch Richard
_9466560
245 0 _a80/20 principle
_b The secret of achieving more with less
260 _aLondon
_bNicholas Brealey
_c2017
300 _axvi,416p.
_ccm.
650 _aReference
942 _hX:8, Q7 LR
_cTEXL
_2CC
999 _c779396
_d779396